00851 2200181 4500245007700000020002200077250001100099100001700110700002200127650001900149005001900168260004000187041001400227084001100241300002800252500038000280336000900660 aHamka b : Ulama Serba Bisa dalam Sejarah IndonesiacTim HistoriahText a978-602-412-494-6 aCet. 1 aTim Historia aHendri F. Isnaeni aBiografi Hamka a20240223145321 aJakartabPenerbit Buku Kompasc2018 aIndonesia a920.71 axiv, 214 hlm. :c19 cm. aSelalu ada kisah menarik soal Hamka, berikut kontroversinya. Sudah banyak kita ketahui lakon sejarah yang pernah dia perankan semasa hidupnya : Hamka bukan ulama biasa, pula bukan pendakwah ala kadarnya. Hamka seorang penulis yang produktif, dari sastra sampai sejarah. Sebagai aktor politik dalam gelanggang pertarungan kekuasaan, Hamka pengusung Islam yang kukuh dan teguh. atext